000 00851nam a22002297a 4500
999 _c2049
_d2049
003 AR-CdUCM
008 190301b ||||| |||| 00| 0 spa d
040 _aMUNICIPALIDAD PROVINCIAL DEL CUSCO
_cBIBLIOTECA MUNICIPAL DEL CUSCO
082 _a985.0013 /
_bM44
100 _aMeseguer Illan, Diego
_97420
245 _aJosé Carlos Mariátegui y su pensamiento revolucionario /
260 _aLima :
_bIEP,
_c1974.
300 _a265 páginas ;
_c25 cm.
505 _aHacia el Socialismo - Encuentro del Socialismo Revolucionario Europeo - Creación del Socialismo Revolucionario Indo-Americano - Defensa ideológica del Socialismo Revolucionario.
650 _aSocialismo.
_91037
650 _aRevolución.
_9844
650 _aComunismo.
_9495
650 _aPerú.
_935
650 _aMarxismo.
_924
942 _2ddc
_cLIBROS
945 _admma
_d2019-03-01